000 00335nam a22001337a 4500
999 _c12066
_d12066
020 _a9789698693015
082 _a954.904
100 _aLt. General Mahmud Ahmed (Retired)
245 _aHistory of Indo-Pak War - 1965
260 _aKarachi
_bServices Book Club
_c2006
300 _axxiv, 638 pages
650 _aHistory
942 _cBK